| 000 | 00700nam a2200289Ia 4500 | ||
|---|---|---|---|
| 005 | 20260324112931.0 | ||
| 008 | 008 260324s9999 xx 000 0 eng d | ||
| 020 | _a9781003584308 | ||
| 037 | _aEBOOK | ||
| 040 | _aCRL | ||
| 040 | _beng | ||
| 040 | _cCRL | ||
| 041 | _2eng | ||
| 041 | _aeng | ||
| 084 | _qCRL | ||
| 100 |
_aJanna Jackson Kellinger _91053285 |
||
| 245 | 0 | _aUp Your Teaching Game | |
| 245 | 0 | _bCreating Story-Based Games to Engage K-12 Students | |
| 260 | _bTaylor and Francis | ||
| 260 | _c2024 | ||
| 365 | _a | ||
| 365 | _b220 | ||
| 856 | _uhttp://www.taylorfrancis.com/books/9781003584308 | ||
| 942 | _cEBOOK | ||
| 999 |
_c1734133 _d1734133 |
||